000 00256nam a22001217a 4500
008 171124b xxu||||| |||| 00| 0 eng d
041 _aeng
080 _a7
100 _a44
101 _aART
245 _aEIGHT SCULPTORS
_cSCHULTZ,D.G
942 _2udc
_cBK
999 _c38427
_d38427